LIBRARY & INFORMATION CENTRE, KCAET, TAVANUR

ONLINE PUBLIC ACCESS CATALOGUE (OPAC)

Ganapathi / (Record no. 5068)

MARC details
000 -LEADER
fixed length control field 00352cam a2200145ua 4500
041 ## - LANGUAGE CODE
Language code of text/sound track or separate title mal
082 ## - DEWEY DECIMAL CLASSIFICATION NUMBER
Classification number 894.8121
Item number VAL/GA
100 ## - MAIN ENTRY--AUTHOR NAME
Personal name Vallathol, .
245 ## - TITLE STATEMENT
Title Ganapathi /
260 ## - PUBLICATION, DISTRIBUTION, ETC. (IMPRINT)
Place of publication Cheruthuruthy :
Name of publisher Vallathol Granthalayam ,
Year of publication 1961.
300 ## - PHYSICAL DESCRIPTION
Number of Pages 26 ; .
942 ## - ADDED ENTRY ELEMENTS (KOHA)
Koha item type Books
Holdings
Withdrawn status Lost status Damaged status Home library Current library Date acquired Full call number Accession Number Koha item type
Withdrawn     KAUAET Sanskrit University 07/04/2012 894.8121 387 Books
free website counter